| 000 | 00426nam a22001697a 4500 | ||
|---|---|---|---|
| 005 | 20180719153321.0 | ||
| 008 | 160512b xxu||||| |||| 00| 0 eng d | ||
| 020 | _a81-259-1082-4 | ||
| 041 | _aeng | ||
| 082 |
_b1610 _a658.15 |
||
| 100 |
_aPandey I.M _94569 |
||
| 245 | _aFinancial Management Exercises Solutions | ||
| 260 |
_aNew Delhi _bVikas Publishing _c2001 |
||
| 300 | _a167P, | ||
| 650 |
_aManagement _9241 |
||
| 942 | _cBK | ||
| 999 |
_c637 _d637 |
||